000 00283nam a2200121Ia 4500
008 190216s9999||||xx |||||||||||||| ||und||
100 _aGeetha Misra
245 0 _aHindi-Bangla Ki Sresht Bal Kahaniyam
260 _bKalpataru
_c2008
300 _a128
650 _aHindi
942 _cBK
999 _c16514
_d16514